000
00268nam a2200097Ia 4500
008
220204s9999 xx 000 0 und d
082
_a
339.18(493.21)
_b
ECO
245
0
_a
Economic and commercial reports: Brussels
260
_a
New Delhi
_b
Foreign trade
_c
1967
942
_c
BK
999
_c
22172
_d
22172